|
|
|
|
| LEADER |
01066njm a2200301 a 4500 |
| 001 |
000270579 |
| 003 |
CZ BrMZK |
| 005 |
19980105143423.0 |
| 008 |
980105s1967 xr f und d |
| 028 |
0 |
3 |
|a SV 8381
|b Supraphon
|
| 040 |
|
|
|a BOA001
|b cze
|
| 080 |
|
|
|a 78.082.1(086.7)
|2 MRF
|
| 100 |
1 |
|
|a Schubert, Franz,
|d 1797-1828
|7 jn19990007813
|4 hnr
|
| 245 |
1 |
0 |
|a Symfonie č. 3 D dur.
|b Symfonie č. 8 h moll "Nedokončená"
|h [zvukový záznam] /
|c Franz Schubert.
|
| 260 |
|
|
|a Praha :
|b Supraphon,
|c 1967, p1966
|
| 300 |
|
|
|a 1 LP deska :
|b 33 ot/min, stereo ;
|c 30 cm
|
| 490 |
1 |
|
|a Gramofonový klub
|
| 500 |
|
|
|a Durata neuv
|
| 500 |
|
|
|a Nahr. 1966
|
| 511 |
0 |
|
|a Česká filharmonie, řídí Václav Neumann.
|
| 653 |
0 |
|
|a symfonie
|
| 700 |
1 |
|
|a Neumann, Václav,
|d 1920-1995
|7 jn19990209586
|4 cnd
|
| 710 |
2 |
|
|a Česká filharmonie
|7 kn20010710169
|4 prf
|
| 830 |
|
0 |
|a Gramofonový klub
|
| 910 |
|
|
|a BOA001
|b LP-0005.521
|
| 964 |
|
|
|a Symfonie
|x LP
|
| 990 |
|
|
|a AV
|
| 996 |
6 |
|
|b 261H005568
|c LP-0005.521
|l MZK
|r Sklad / do 24 hodin
|n 0
|p kup
|w 000270579
|u 000010
|a 1
|e BOA001
|j MZK50
|s P
|